000
00346nam a2200133Ia 4500
008
231129s9999||||xx |||||||||||||| ||spa||
020
_a
84-7530-149-9
040
_b
spa
082
_a
F841 S243a
100
_a
Saint-John Perse seud
245
0
_a
Anabasis y otros poemas
264
_a
Orbis
942
_2
ddc
_c
BKS
999
_c
4994
_d
4994